Revelations of the person and the ministry of Jesus : (Record no. 491208)
[ view plain ]
| 000 -LEADER | |
|---|---|
| fixed length control field | 00911nam a22002177a 4500 |
| 003 - CONTROL NUMBER IDENTIFIER | |
| control field | OSt |
| 005 - DATE AND TIME OF LATEST TRANSACTION | |
| control field | 20260310153302.0 |
| 008 - FIXED-LENGTH DATA ELEMENTS--GENERAL INFORMATION | |
| fixed length control field | 260226b |||||||| |||| 00| 0 eng d |
| 020 ## - INTERNATIONAL STANDARD BOOK NUMBER | |
| International Standard Book Number | 9789914778458 |
| 040 ## - CATALOGING SOURCE | |
| Original cataloging agency | Kenya National Library Service |
| 082 ## - DEWEY DECIMAL CLASSIFICATION NUMBER | |
| Classification number | 232 SIL |
| 100 ## - MAIN ENTRY--PERSONAL NAME | |
| Personal name | Sila, Zipporah K. |
| Relator term | author |
| 245 ## - TITLE STATEMENT | |
| Title | Revelations of the person and the ministry of Jesus : |
| Remainder of title | intimacy with Jesus, authority in life. victory always / |
| Statement of responsibility, etc. | Zipporah K. Sila |
| 300 ## - PHYSICAL DESCRIPTION | |
| Extent | 129 pages ; |
| Dimensions | 20 cm |
| 520 ## - SUMMARY, ETC. | |
| Summary, etc. | Discover Jesus as never before. Jesus is not simply a historical figure. He is living, active, and powerful today. This book unveils His power, love, and glory-bringing hope, healing, and life in every dimension. |
| 650 ## - SUBJECT ADDED ENTRY--TOPICAL TERM | |
| Topical term or geographic name entry element | Jesus Christ — Life Jesus |
| 650 ## - SUBJECT ADDED ENTRY--TOPICAL TERM | |
| Topical term or geographic name entry element | Christ — Ministry |
| 942 ## - ADDED ENTRY ELEMENTS (KOHA) | |
| Source of classification or shelving scheme | Dewey Decimal Classification |
| Koha item type | Books |
| Suppress in OPAC | No |
| Withdrawn status | Source of classification or shelving scheme | Damaged status | Not for loan | Collection | Home library | Current library | Shelving location | Date acquired | Source of acquisition | Cost, normal purchase price | Total checkouts | Full call number | Barcode | Date last seen | Price effective from | Koha item type |
|---|---|---|---|---|---|---|---|---|---|---|---|---|---|---|---|---|
| Dewey Decimal Classification | Legal Deposit | Preservation, Conservation & Publication | Preservation, Conservation & Publication | 02/26/2026 | LEG | 700.00 | 232 SIL | B233748 | 02/26/2026 | 02/26/2026 | Books | |||||
| Dewey Decimal Classification | Legal Deposit | Preservation, Conservation & Publication | Preservation, Conservation & Publication | 02/26/2026 | LEG | 700.00 | 232 SIL | B233747 | 02/26/2026 | 02/26/2026 | Books |
